| 000 | 00759nam a22002297a 4500 | ||
|---|---|---|---|
| 003 | UA-OsUOA | ||
| 001 | 58770 | ||
| 007 | ta | ||
| 008 | 20090224b un ||||| |||| 00| 0 ukr d | ||
| 090 |
_a303.094.6(477) _bП78 |
||
| 942 | _cBK | ||
| 040 |
_aUA-OsUOA _bukr _cUA-OsUOA _dUA-OsUOA |
||
| 245 | _aПрогнози. Ситуація в Україні у прогнозах і оцінках зарубіжних експертів та ЗМІ | ||
| 300 | _a77 с. | ||
| 955 | _a2 | ||
| 041 | _aukr | ||
| 080 | _a303.094.6(477) | ||
| 260 |
_aК. _c2007 |
||
| 250 | _nСпецвипуск 3 | ||
| 650 | 7 |
_a30 Основні теорії, методологія та методи суспільних наук. Соціографія _2UDC |
|
| 999 |
_c344801 _d344801 |
||